000 02178cam a22005054i 4500
003 PE-LiUPU
005 20250731180133.0
008 150625s2004 mx a r 000 0 spa d
020 _a9702605091
035 _a(Sirsi) i9789702605096
040 _aPE-LiUPU
_bspa
_cPE-LiUPU
_erda
049 _aPRUA
082 0 4 _a577
_bG184b
_223
100 1 _aGama Fuertes, María de los Ángeles,
_eautor.
245 1 0 _aBiología 1 :
_bbiogénesis y microorganismos /
_cMaría de los Ángeles Gama Fuertes.
250 _aSegunda edición
264 1 _aMéxico :
_bPrentice-Hall Hispanoamericana,
_c2004.
300 _a226 páginas :
_bilustraciones, col. ;
_c26 centímetros
336 _atext
_2rdacontent
337 _aunmediated
_2rdamedia
338 _avolume
_2rdacarrier
505 0 _aEl carácter científico de la biología. -Relación de la biología con la tecnología y la sociedad. -Interacción de las ciencias biológicas entre sí y con las otras ciencias. -Metodología de investigación en biología. -El laboratorio de biología. -Estructura, metabolismo, crecimiento, adaptación, irritabilidad. -Cómo se originó la vida. -Características físicas y químicas de los seres vivos. -Qué es la célula y cómo funciona. -Cómo ha evolucionado la célula. -Diversidad de los organismos unicelulares. -Origen y evolución de los organismos pluricelulares. -Principales características de los organismos pluricelulares.
526 _aSEG44
526 _aSEG26
526 _aP159
526 _aP155
526 _aP154
526 _aP153
526 _aP150
526 _aP100
526 _aP31
526 _aP30
526 _aP26
526 _aP25
526 _aP24
526 _aP22
526 _aP15
526 _aP10
650 0 0 _aOrigen de la vida
_xMicroorganismos
_93069
650 0 4 _aBiología
_xEstudio y enseñanza.
942 _2ddc
_cBK
_n0
949 _a574 G22
_wDEWEY
_c1
_i56821
_d2015-8-31
_e2015-8-28
_lCCODEBUL1
_mBUL
_n2
_p14.00
_r0
_sY
_tBOOK
_u2015-6-25
_xSALUD
_0COMPRA
_o.STAFF. Colección General
999 _c45955
_d45955
980 _81
_gALBERTO SANCHEZ Responsable de Automatización